| 000 | 00739cac a22001815a 4500 | ||
|---|---|---|---|
| 001 | L140772 | ||
| 008 | 071010i18131889xxk eng u | ||
| 035 | _a(Sirsi) u140772 | ||
| 041 | _aeng | ||
| 245 | 0 | 1 |
_a[Collection of auction particulars dating from 1813-1889] _h[manuscript] |
| 260 | _c1813-1889 | ||
| 300 |
_a1 v. _c44 cm. |
||
| 351 | _cFonds | ||
| 500 | _aAuctioneers include William Hall, W. G. Preece and Son, Shuttleworth and Sons, George Robins, Mr Deck, Southey and Son, F. and A. Mellersh, Mr Winch, Mr Chubb, Mr Willock, Sefton and Teulon, W. R. Galsier, Rushworth, Abbott & Co. | ||
| 651 | 4 |
_aUnited Kingdom _y |
|
| 690 | _aPROPERTY-PROPERTY ACQUISITION AND DISPOSAL-ACQUISITION AND DISPOSAL AT AUCTION | ||
| 942 | _n0 | ||
| 999 |
_c116468 _d116468 |
||